Kiss / (Record no. 589635)

000 -LEADER
fixed length control field 01867cam a2200349 i 4500
001 - CONTROL NUMBER
control field 20881228
003 - CONTROL NUMBER IDENTIFIER
control field NUST
005 - DATE AND TIME OF LATEST TRANSACTION
control field 20220511145309.0
008 - FIXED-LENGTH DATA ELEMENTS--GENERAL INFORMATION
fixed length control field 190308t20191993ilu 000 1 eng
010 ## - LIBRARY OF CONGRESS CONTROL NUMBER
LC control number 2019009010
020 ## - INTERNATIONAL STANDARD BOOK NUMBER
International Standard Book Number 9781492632399 (trade paperback : alk. paper)
038 ## - RECORD CONTENT LICENSOR
Staff Name Arshad
040 ## - CATALOGING SOURCE
Original cataloging agency DLC
Language of cataloging eng
Transcribing agency DLC
Description conventions rda
Modifying agency DLC
042 ## - AUTHENTICATION CODE
Authentication code pcc
050 00 - LIBRARY OF CONGRESS CALL NUMBER
Classification number PR6063.A395
Item number K57 2019
082 00 - DEWEY DECIMAL CLASSIFICATION NUMBER
Classification number 823.914
Author Mark MAN
100 1# - MAIN ENTRY--PERSONAL NAME
Personal name Mansell, Jill,
Relator term author.
9 (RLIN) 11111
245 10 - TITLE STATEMENT
Title Kiss /
Statement of responsibility, etc. Jill Mansell.
264 #1 - PRODUCTION, PUBLICATION, DISTRIBUTION, MANUFACTURE, AND COPYRIGHT NOTICE
Place of production, publication, distribution, manufacture Naperville, Illinois :
Name of producer, publisher, distributor, manufacturer Sourcebooks Landmark,
Date of production, publication, distribution, manufacture, or copyright notice 2019
300 ## - PHYSICAL DESCRIPTION
Extent 388 pages ;
Dimensions 22 cm
336 ## - CONTENT TYPE
Content type term text
Content type code txt
Source rdacontent
337 ## - MEDIA TYPE
Media type term unmediated
Media type code n
Source rdamedia
338 ## - CARRIER TYPE
Carrier type term volume
Carrier type code nc
Source rdacarrier
500 ## - GENERAL NOTE
General note "This edition based on the paperback edition published in 2006 by Headline Review."
500 ## - GENERAL NOTE
General note Originally published, 1993.
520 ## - SUMMARY, ETC.
Summary, etc. "When aspiring musician Izzy is knocked off her motorbike, she doesn't just lose her dignity--she loses both long-term boyfriends, her job, and her beautiful apartment. Gina, who caused the accident, has more important things to worry about: Her husband's mistress is pregnant and she's suddenly on her own. Why should she care about Izzy? Yet somehow, Gina finds herself opening her home to Izzy and her spirited teenage daughter. And it's there that Izzy meets heart-stoppingly handsome Sam, whose lingering kiss is all it takes for her to find the true love that has always eluded her--though there are just a few obstacles between that first kiss and her happily ever after..."--
Assigning source Provided by publisher.
563 ## - BINDING INFORMATION
Binding note PBK
655 #7 - INDEX TERM--GENRE/FORM
Genre/form data or focus term Love stories.
Source of term gsafd
906 ## - LOCAL DATA ELEMENT F, LDF (RLIN)
a 7
b cbc
c orignew
d 1
e ecip
f 20
g y-gencatlg
942 ## - ADDED ENTRY ELEMENTS (KOHA)
Source of classification or shelving scheme
Koha item type Book
Holdings
Withdrawn status Lost status Source of classification or shelving scheme Damaged status Not for loan Permanent Location Current Location Shelving location Date acquired Total Checkouts Full call number Barcode Date last seen Price effective from Koha item type
          Central Library (CL) Central Library (CL) Fiction 05/11/2022   823.914 MAN CL3231 05/11/2022 05/11/2022 Book
© 2023 Central Library, National University of Sciences and Technology. All Rights Reserved.